000 00746nam a2200217Ia 4500
003 OSt
005 20220923221934.0
006 a|||||r|||| 00| 0
007 ta
008 220922b |||||||| |||| 00| 0 hin d
024 _a201,267
037 _cTextual
040 _aARTS
_cARTS
_bhin
041 _2hin
_ahin
082 _aV2:2501:N47, 152L1
245 0 _aआज दैनिक वाराणसी स्वतन्त्रता संग्राम आज स्वर्ण जयन्ति के अवसर पर
246 _aĀj dainik vārāṇasī svatantratā sangrām āj svarṇa jayanti ke avasar para
260 _c1973
942 _hV2:2501:N47, 152L1
_cTEXL
_2CC
999 _c352920
_d352920